| 000 | 00516nam a2200169 a 4500 | ||
|---|---|---|---|
| 001 | 1894 | ||
| 003 | CDMR | ||
| 005 | 20131030175403.0 | ||
| 008 | 130130s ||||||||||||||||||||||||||||d | ||
| 040 |
_aCDMR _bcat _cCDMR |
||
| 100 | 1 |
_aMelendres Mata, Roser _91411 |
|
| 245 | 1 | 3 |
_aLa Revolución Rusa de 1917 _cRoser Melendres Mata _b: vista a través de la prensa barcelonesa |
| 260 | _aBarcelona | ||
| 650 | 0 | 4 |
_94217 _aRevolucions _xCobertura periodística |
| 650 | 0 | 4 |
_94229 _aUnió Soviètica _xHistòria |
| 942 |
_cTSN _2udc |
||
| 999 |
_c1894 _d1894 |
||